Perspektívy podnikania v Číne - Pomoc slovenským podnikateľom pri vstupe na čínsky trh zborník zo šiestej vedecko-podnikateľskej konferencie

Saved in:
Bibliographic Details
Corporate Authors: Perspektívy podnikania v Číne - Pomoc slovenským podnikateľom pri vstupe na čínsky trh. Vedecko-podnikateľská konferencia, Národná agentúra pre rozvoj malého a stredného podnikania
Other Authors: Aleksanyan, Tigran
Format: Book
Language:Slovak
English
Chinese
Published: Bratislava QPQ 2010
Subjects:
Tags: Add Tag
No Tags, Be the first to tag this record!

MARC

LEADER 00000nam a2200000 4500
001 0124681
005 20230120075021.1
020 |a 978-80-88957-56-0 
041 0 |a slo 
041 0 |a eng 
041 0 |a chi 
044 |a SK 
245 1 0 |a Perspektívy podnikania v Číne - Pomoc slovenským podnikateľom pri vstupe na čínsky trh  |b zborník zo šiestej vedecko-podnikateľskej konferencie  |c koordinátor konferenčného zborníka: Tigran Aleksanyan 
264 1 |a Bratislava  |b QPQ  |c 2010 
300 |a 42 s. 
610 2 0 |a podnikanie medzinárodné 
610 2 0 |a prostredie podnikateľské 
610 2 0 |a zvyklosti kultúrne 
610 2 0 |a zvyklosti obchodné 
610 2 0 |a poradenstvo 
610 2 0 |a Čína 
700 1 |a Aleksanyan, Tigran 
110 2 |a Perspektívy podnikania v Číne - Pomoc slovenským podnikateľom pri vstupe na čínsky trh. Vedecko-podnikateľská konferencia 
710 2 |a Národná agentúra pre rozvoj malého a stredného podnikania